Les espèces de requins - Statistiques

Statistiques générales
  • Ce quiz a été pris 1 438 fois
    1 404 depuis la dernière actualisation
  • Le résultat moyen est 10 sur 17
Statistiques - réponses
Par images Réponse % Correct
Requin marteau
98%
Grand requin blanc
97%
Requin baleine
95%
Requin tigre
90%
Requin pèlerin
73%
Requin scie
63%
Requin citron
61%
Requin renard
59%
Requin bleu
58%
Requin bouledogue
57%
Requin mako
54%
Requin taureau
49%
Requin zèbre
48%
Requin du Groenland
32%
Requin longimane
20%
Requin à pointes noires
16%
Requin dormeur
14%
Aucun quiz correspondant
Distribution des résultats
% des personnes avec chaque résultat
Percentile par nombre de réponses
Votre historique - résultats
Vous n’avez pas pris ce quiz depuis la dernière actualisation